000
00203 a2200097 4500
001
44552
100
_a
Warnoch
245
_a
Strength of Materials
260
_a
London
_b
Pitman
_c
090
_c
28275
_d
28275
942
_a
NUST-CAE
_c
M
_c
20308
999
_c
279625
_d
279625